Participantes de Finales Internacionales de Red Bull Batalla - Estadísticas

Estadísticas generales
  • Esta prueba ha sido intentada 155 veces
  • La puntuación promedio es 47 de 100
Estadísticas de respuestas
País MC % Correcto
España Chuty
99%
México Aczino
97%
España Bnet
96%
España Arkano
95%
Costa Rica G
95%
España Skone
95%
Colombia Valles T
95%
Argentina Wos
95%
España Gazir
93%
México Rapder
90%
Chile Teorema
89%
Argentina Dtoke
88%
España Invert
84%
Argentina Papo
84%
Argentina Trueno
84%
Perú Jaze
82%
Argentina Mecha
82%
México Jony Beltrán
79%
España Zasko Master
79%
Perú Jota
78%
Chile El Menor
77%
Colombia Fat N
75%
Chile Kaiser
73%
Argentina Stuart
73%
Venezuela Letra
71%
México Lobo Estepario
71%
España Blon
70%
Venezuela Chang
70%
Chile Nitro
70%
Colombia Marithea
67%
Rep. Dominicana Éxodo Lirical
66%
Argentina Dozer
60%
Costa Rica SNK
60%
Chile Stigma
60%
Argentina Tata
60%
Argentina Sony
59%
Rep. Dominicana Yenky One
59%
Colombia Carpediem
58%
Argentina Exe
58%
Argentina Klan
58%
México RC
58%
Chile Tom Crowley
58%
Chile Jokker
56%
Argentina Jesse Pungaz
53%
Chile Pepe Grillo
51%
México Skiper
51%
Argentina Wolf
48%
México Yoiker
48%
México Potencia
47%
Perú Stick
47%
Estados Unidos (PR) Yartzi
47%
Chile Acertijo
44%
Perú Choque
42%
Venezuela Lancer Lirical
42%
Estados Unidos (Cuba) Reverse
42%
Perú Litzen
41%
Uruguay Spektro
40%
Perú Katacrist
38%
Chile Basek
36%
Chile Drose
34%
Panamá Índico
33%
Colombia Airon
32%
Colombia Elevn
30%
Uruguay Franco
27%
Bolivia Neón
27%
Perú Gasper
26%
Uruguay Hammer
23%
Uruguay Naicen
23%
Venezuela Gaviria
22%
Perú Jair Wong
22%
Estados Unidos (Venezuela) Oner
22%
Ecuador Switch
22%
Cuba Tito MC
22%
Costa Rica P8
21%
Perú Carlitos
19%
Rep. Dominicana KDT
19%
Costa Rica RVS
19%
Estados Unidos (Venezuela) AdonysX
18%
Rep. Dominicana Shield Master
18%
Ecuador (Venezuela) Diego
15%
Venezuela Imigrante
15%
Ecuador Alfredozki
14%
Colombia Big Killa
14%
Bolivia Minos
14%
Ecuador Abel
12%
Rep. Dominicana Melvin La Cura
11%
Cuba Yeriko
11%
Costa Rica Cehzar
10%
Colombia Doggy Fresh
10%
Ecuador Mac
10%
Bolivia Shadow
10%
Panamá O.D.
8%
Bolivia Ceka
7%
Cuba El Ciudadano
7%
Rep. Dominicana Mr. Junior
7%
Panamá Oze
7%
Panamá Penzattore
7%
Cuba Tanque
7%
Bolivia Redención
5%
Panamá Zaeta Flow
4%
No se encontraron pruebas coincidentes
Distribución de puntuación
Porcentaje de gente con cada puntuación
Porcentaje por número respondido
Historial de tus puntuaciones
No has intentado esta prueba.